#1 Songs of 2016 - Statistics

General Stats
  • This quiz has been taken 89 times
  • The average score is 7 of 11
Answer Stats
Artist Title % Correct
Adele Hello
91%
Zayn Pillowtalk
81%
Justin Bieber Sorry
77%
The Chainsmokers Closer
73%
Justin Timberlake Can't Stop The Feeling!
72%
Desiigner Panda
65%
Justin Bieber Love Yourself
64%
Rihanna Work
55%
Sia Cheap Thrills
54%
Drake One Dance
51%
Rae Stremmurd Black Beatles
37%
No matching quizzes found
Score Distribution
Percent of People with Each Score
Percentile by Number Answered
Your Score History
You have not taken this quiz